|
|
|
|
| LEADER |
01226nam a22002657a 4500 |
| 001 |
35546 |
| 003 |
BD-DhAAL |
| 005 |
20250622154412.0 |
| 008 |
211026t bg ||||| b||| 00| 0 ben d |
| 020 |
|
|
|a 9844652367
|
| 040 |
|
|
|a BD-DhAAL
|d BD-DhAAL
|
| 041 |
|
|
|a ben
|
| 082 |
|
|
|a 954.9205
|2 22
|
| 100 |
|
|
|a মোহাম্মদ, তাজুল.
|9 42209
|
| 245 |
|
|
|a মুক্তিযুদ্ধ ও প্রবাসী বাঙালি সমাজ /
|c তাজুল মোহাম্মদ.
|
| 260 |
|
|
|a ঢাকা :
|b সাহিত্য প্রকাশ,
|c ২০০১.
|
| 300 |
|
|
|a ২৪৫ পৃষ্ঠা ;
|c ২২ সে.মি.
|
| 504 |
|
|
|a গ্রন্থপঞ্জিগত নির্দেশিকা অন্তভূক্ত।
|
| 526 |
|
|
|a BIED
|
| 541 |
|
|
|a Complimentary copy from BIED
|e 35546
|
| 651 |
|
|
|a Bangladesh
|x History
|y Revolution, 1971.
|9 42210
|
| 852 |
|
|
|a Ayesha Abed Library
|c Bangabandhu Corner
|
| 942 |
|
|
|2 ddc
|c BK
|
| 999 |
|
|
|c 43268
|d 43268
|
| 952 |
|
|
|0 0
|1 0
|2 ddc
|4 0
|6 954_920500000000000_MUH
|7 0
|9 69418
|a BRACUL
|b BRACUL
|c BNC
|d 2021-10-26
|e Complimentary copy from BIED
|l 0
|o 954.9205 MUH
|p 3010035546
|r 2021-10-26
|t 1
|w 2021-10-26
|y BK
|x Transferred from BIED to General Stacks
|